[Event "Open Ricany 2oo9"]
[Site "?"]
[Date "2009.08.25"]
[Round "5.6"]
[White "Voracek ,Zdenek"]
[Black "Postupa ,Martin"]
[Result "1/2-1/2"]
[WhiteElo "2075"]
[BlackElo "1986"]

1. d4 d5 2. c4 e6 3. Nc3 Nf6 4. Nf3 Nbd7 5. e3 Bb4 6. a3 Bxc3+ 7. bxc3 c5
8. Bd3 O-O 9. O-O b6 10. cxd5 exd5 11. a4 c4 12. Bc2 Bb7 13. Nd2 Re8 14. Re1 Ne4
15. Bxe4 dxe4 16. Nxc4 Qc7 17. Na3 Qxc3 18. Bd2 Qd3 19. Nb5 Rec8 20. Ra3 Qc2
21. Nd6 Qxd1 22. Rxd1 Rc7 23. Nxb7 Rxb7 24. Rc1 b5 25. Rb3 a6 26. Kf1 Rab8
27. Rcb1 Nf6 28. axb5 axb5 29. Bb4 Ne8 30. Ke2 f5 31. Rc3 Kf7 32. Rc6 Rb6
33. Rbc1 Rxc6 34. Rxc6 Rb7 35. h3 Nf6 36. Rd6 g6 37. Kd1 Ra7 38. Bd2 Ra1+
39. Bc1 Ra2 40. Ke1 Ra1 41. Kd1 Ra2 42. Bd2 Ra1+ 43. Ke2 Ra2 44. Rb6 Nd5
45. Rb7+ Kf6 46. f4 Nc3+ 47. Ke1 Ra1+ 48. Kf2 Ra2 1/2-1/2

[Event "Open Ricany 2oo9"]
[Site "?"]
[Date "2009.08.25"]
[Round "5.23"]
[White "Skacel ,Jan"]
[Black "Halla ,Jiri"]
[Result "1/2-1/2"]
[WhiteElo "2070"]
[BlackElo "1894"]

1. d4 Nf6 2. c4 g6 3. Nc3 Bg7 4. e4 d6 5. Nf3 O-O 6. Be2 e5 7. O-O Nc6 8. d5
Ne7 9. Ne1 Nd7 10. f3 f5 11. g4 Nf6 12. Be3 c6 13. h3 c5 14. a3 Bd7 15. b4 b6
16. Rb1 Qc7 17. bxc5 bxc5 18. Nd3 Rab8 19. Rxb8 Qxb8 20. Qc2 Qc7 21. Rb1 Rb8
22. Rb2 Nc8 23. Qb1 Rxb2 24. Qxb2 Qb6 25. Qxb6 Nxb6 26. Nb2 f4 27. Bd2 Ne8
28. a4 Bf6 29. Bd1 Bd8 30. Kf2 Kf7 31. Ke2 Nc8 32. Na2 g5 33. Nc1 Ke7 34. Kd3
Nc7 35. Kc2 Na6 36. Kb3 Be8 37. Ka3 Bc7 38. Ncd3 Bd8 39. Be1 Kd7 40. Bb3 h6
41. Nd1 Bc7 42. a5 Kd8 43. Ba4 Bxa4 44. Kxa4 Nb8 45. h4 Kd7 46. hxg5 hxg5
47. Nc3 Bd8 48. Nf2 Ne7 49. Nh3 Ng6 50. Nb5 a6 51. Nc3 Be7 1/2-1/2

[Event "Open Ricany 2oo9"]
[Site "?"]
[Date "2009.08.25"]
[Round "5.13"]
[White "Postupa ml., Pavel "]
[Black "Matejka ,Vladimir"]
[Result "0-1"]
[WhiteElo "2131"]
[BlackElo "1993"]

1. e4 c5 2. Nf3 a6 3. d4 cxd4 4. Nxd4 e5 5. Nb3 Nf6 6. Bd3 Nc6 7. O-O d5 8. Nc3
Bg4 9. Qe1 Bb4 10. Bd2 d4 11. Ne2 Bxd2 12. Qxd2 Qd6 13. f3 Be6 14. g3 Bxb3
15. axb3 O-O 16. g4 Nb4 17. Ng3 Nxd3 18. Qxd3 g6 19. Rf2 Rfd8 20. h4 Nd7 21. Qd2
Nc5 22. b4 Ne6 23. Rd1 Nf4 24. Rh2 Rac8 25. h5 Kg7 26. Kh1 Rc4 27. c3 d3 28. Nf1
Qf6 29. Ne3 Rc7 30. Rf1 Ne2 31. Kg2 Qf4 32. Rh3 Rcd7 33. Kf2 a5 34. bxa5 Ra8
35. Rfh1 Kg8 36. Ra1 f5 37. exf5 gxf5 38. gxf5 Rg7 39. h6 Rg3 40. Rxg3+ Qxg3+
41. Kf1 Qg1# 0-1

[Event "Open Ricany 2oo9"]
[Site "?"]
[Date "2009.08.26"]
[Round "6.31"]
[White "Havlicek ,Pavel"]
[Black "Hadrava ,Jaroslav"]
[Result "1-0"]
[WhiteElo "1774"]
[BlackElo "1963"]

1. e4 e5 2. Nf3 f5 3. exf5 e4 4. Nd4 Nf6 5. d3 d5 6. Bg5 Bc5 7. Nb3 Bb6 8. dxe4
O-O 9. Nc3 c6 10. Qf3 dxe4 11. Nxe4 Qe8 12. Bxf6 Rxf6 13. g4 Rd6 14. Bc4+ Kh8
15. O-O Bc7 16. Ng5 Rf6 17. Kg2 b5 18. Rfe1 Qf8 19. Bxb5 cxb5 20. Qxa8 Rb6
21. Qxa7 Bb7+ 22. Kf1 Nc6 23. Qa3 Bd6 24. Qxd6 1-0

[Event "Open Riacny 2oo9"]
[Site "?"]
[Date "2009.08.26"]
[Round "6.22"]
[White "Lexa ,Vaclav"]
[Black "Skala ,Jaromir"]
[Result "1/2-1/2"]
[WhiteElo "1895"]
[BlackElo "2065"]

1. d4 Nf6 2. c4 g6 3. Nc3 Bg7 4. e4 d6 5. Nf3 O-O 6. Be2 e5 7. Be3 Nc6 8. d5
Ne7 9. c5 Ne8 10. Nd2 f5 11. f3 f4 12. Bf2 Rf7 13. cxd6 cxd6 14. Rc1 Kh8 15. Nb5
a6 16. Na3 b5 17. Nc2 Rb8 18. O-O Bf6 19. Nb3 g5 20. Nb4 h5 21. Nc6 Nxc6
22. Rxc6 Rg7 23. Qc2 Bb7 24. Rb6 Rc8 25. Qd2 g4 26. fxg4 hxg4 27. Bxg4 Rxg4
28. Rxb7 Bh4 29. Rf7 Nf6 30. Qe2 Bxf2+ 31. Rxf2 Rg6 32. Qf3 Kg8 1/2-1/2

[Event "Open Ricany 2oo9"]
[Site "?"]
[Date "2009.08.26"]
[Round "6.2"]
[White "Ruzicka ml.,Vaclav"]
[Black "Mejzlik ,Ondrej"]
[Result "1-0"]
[WhiteElo "2024"]
[BlackElo "2206"]

1. d4 d5 2. c4 e6 3. Nf3 c6 4. Nc3 Nd7 5. cxd5 exd5 6. Qc2 Ngf6 7. Bg5 Bd6
8. e3 h6 9. Bh4 a5 10. Bd3 Qc7 11. O-O O-O 12. Rac1 g5 13. Bg3 Bxg3 14. hxg3 Qd6
15. Rfe1 Kg7 16. Rcd1 Re8 17. e4 dxe4 18. Bxe4 Nxe4 19. Nxe4 Qg6 20. Qd3 b6
21. d5 Nf6 22. Nxf6 Rxe1+ 23. Nxe1 Qxf6 24. d6 Bd7 25. Qe3 b5 26. Nf3 Re8
27. Qa7 Qd8 28. Nd4 Re5 29. Nb3 Kf8 30. Nc5 Ke8 31. Nxd7 Qxd7 32. Qb8+ 1-0

[Event "Open Ricany 2oo9"]
[Site "?"]
[Date "2009.08.26"]
[Round "6.37"]
[White "Rezac ,Jindrich"]
[Black "Berg ,Antonin"]
[Result "0-1"]
[WhiteElo "1818"]
[BlackElo "1890"]

1. e4 Nf6 2. e5 Nd5 3. c4 Nb6 4. d4 d6 5. exd6 cxd6 6. b3 g6 7. Bb2 Bg7 8. Qc2
Bf5 9. Bd3 Bxd3 10. Qxd3 O-O 11. Nf3 Nc6 12. O-O d5 13. c5 Nd7 14. Qc2 b6
15. Rd1 Rc8 16. Nc3 bxc5 17. dxc5 Nb4 18. Qd2 Nxc5 19. Nxd5 Bxb2 20. Nxe7+ Qxe7
21. Qxb2 Nbd3 22. Qa3 Qe4 23. b4 Qxb4 24. Rxd3 Nxd3 25. Qxd3 Rfd8 26. Qe3 Qc3
27. Qxc3 Rxc3 28. Kf1 Rdc8 29. Rd1 Rc2 30. a4 Ra2 31. Nd4 Rcc2 0-1

[Event "Open Ricany 2oo9"]
[Site "?"]
[Date "2009.08.26"]
[Round "6.18"]
[White "Postupa ml.,Pavel "]
[Black "Skalicky ,Tomas"]
[Result "1/2-1/2"]
[WhiteElo "2131"]
[BlackElo "1607"]

1. e4 e5 2. Nf3 Nc6 3. Bb5 a6 4. Ba4 Nf6 5. O-O b5 6. Bb3 Be7 7. Re1 d6 8. c3
O-O 9. h3 Bb7 10. d4 h6 11. Nbd2 Re8 12. d5 Nb8 13. a4 c6 14. dxc6 Bxc6 15. axb5
axb5 16. Rxa8 Bxa8 17. Bc2 Nbd7 18. Nf1 Bf8 19. Qe2 Bc6 20. Ng3 g6 21. Nh2 Qb6
22. Ng4 Kh7 23. Qf3 Qd8 24. Bb3 Qe7 25. Rd1 Bg7 26. Ne3 Qf8 27. Nd5 Rb8 28. Nb4
Bb7 29. Nd5 Bc6 30. Kh2 Bxd5 31. Bxd5 Nxd5 32. Rxd5 Nf6 33. Rd3 Qe7 34. Qd1 Bf8
35. f3 Qb7 36. Nf1 Ra8 37. Ne3 Kg7 38. Nd5 Rb8 39. Be3 Nxd5 1/2-1/2

[Event "Open Ricany 2oo9"]
[Site "?"]
[Date "2009.08.26"]
[Round "6.10"]
[White "Kovar ,Vojtech"]
[Black "Straka ,Vojtech"]
[Result "1/2-1/2"]
[WhiteElo "2328"]
[BlackElo "2039"]

1. d4 d5 2. Nf3 Nf6 3. c4 c6 4. Nc3 dxc4 5. a4 Bf5 6. Ne5 Nbd7 7. Nxc4 Qc7
8. g3 e5 9. dxe5 Nxe5 10. Bf4 Nfd7 11. Bg2 g5 12. Ne3 gxf4 13. Nxf5 O-O-O
14. O-O fxg3 15. hxg3 h5 16. Qc2 Nf6 17. Rfd1 Bc5 18. e3 a5 19. Rac1 Rxd1+
20. Rxd1 Rd8 21. Rxd8+ Kxd8 22. Ne4 Nxe4 23. Bxe4 Qb6 24. Qc3 f6 25. Ng7 Ke7
26. Nxh5 Qb4 27. Qc2 Qc4 28. b3 Qxc2 29. Bxc2 Ba7 30. Kf1 b5 31. axb5 cxb5
32. Ke2 Ke6 33. Ng7+ Kd7 34. f4 Nf7 35. g4 Bb6 36. Kd2 Kc6 37. Be4+ Kc5 38. Kc3
Kd6 39. Nf5+ Kc7 40. Ne7 Kd7 41. Nd5 Bd8 42. Bc2 Kd6 43. Kd4 Nh6 44. Bd1 Ng8
45. e4 1/2-1/2

[Event "Open Ricany 2oo9"]
[Site "?"]
[Date "2009.08.26"]
[Round "6.12"]
[White "Hosticka ,Frantisek"]
[Black "Kralovsky ,Martin"]
[Result "1-0"]
[WhiteElo "2188"]
[BlackElo "2004"]

1. e4 e6 2. d4 d5 3. e5 c5 4. c3 Nc6 5. Be3 cxd4 6. cxd4 Qb6 7. Qd2 Bb4 8. Nc3
Nge7 9. Bd3 Bd7 10. a3 Bxc3 11. bxc3 Na5 12. Rb1 Qc7 13. Ne2 a6 14. O-O b5
15. Bg5 Ng6 16. Ng3 h6 17. Be3 Nc4 18. Qe1 Nxe3 19. fxe3 O-O 20. Rf2 Rac8
21. Ne2 Qa5 22. Qd2 Rc7 23. Bxg6 fxg6 24. Rxf8+ Kxf8 25. Qb2 Rc8 26. Qb4+ Qxb4
27. axb4 g5 28. Ra1 Rc6 29. Ra3 Be8 30. e4 Bh5 31. exd5 exd5 32. Ng3 Bg6 33. Kf2
h5 34. Ke3 h4 35. Nf1 Bc2 36. Kd2 Be4 37. Ne3 Kf7 38. Ra1 Kg6 39. Rf1 Rc8 40. g3
hxg3 41. hxg3 Rh8 42. Rf2 Ra8 43. Kc1 a5 44. bxa5 Rxa5 45. Kb2 Ra8 46. Kb3 Rd8
47. Kb4 Bd3 48. Kc5 Rc8+ 49. Kd6 Rxc3 50. e6 b4 51. Nxd5 Rc4 52. e7 Rc8 53. Nxb4
Bb5 54. d5 Kh5 55. Nc6 Kg4 56. Rf8 1-0

[Event "Open Ricany 2oo9"]
[Site "?"]
[Date "2009.08.26"]
[Round "6.13"]
[White "Kubikova ,Hana"]
[Black "Maly ,Filip"]
[Result "0-1"]
[WhiteElo "2156"]
[BlackElo "1986"]

1. Nf3 Nf6 2. d4 g6 3. c4 Bg7 4. g3 O-O 5. Bg2 d6 6. O-O Nbd7 7. Qc2 e5 8. Rd1
Re8 9. h3 Qe7 10. Nc3 c6 11. e4 a5 12. Be3 exd4 13. Nxd4 Nc5 14. Re1 Nh5
15. Rad1 Be6 16. b3 a4 17. b4 Na6 18. b5 Nb4 19. Qb1 c5 20. Nde2 a3 21. g4 Nf6
22. Nd5 Bxd5 23. exd5 Nd7 24. Ng3 Bc3 25. Bd2 Be5 26. Bxb4 cxb4 27. Qxb4 Nc5
28. Re3 Qg5 29. Rde1 Ra4 30. Qb1 Rxc4 31. Rxa3 Qd2 32. Rae3 Ra8 33. R3e2 Qf4
34. b6 Ra3 35. Qb5 Nd3 36. Rf1 Kg7 37. Qd7 Nc5 38. Qe7 Rca4 39. Ree1 Bd4 40. Ne4
Nxe4 41. Bxe4 Rxh3 42. Bg2 Rha3 43. Qxb7 Rxa2 44. Qe7 Bxf2+ 0-1

[Event "Open Ricany 2oo9"]
[Site "?"]
[Date "2009.08.26"]
[Round "6.16"]
[White "Schmalz ,Michal"]
[Black "Fojtu ,Jan"]
[Result "1-0"]
[WhiteElo "1996"]
[BlackElo "2093"]

1. e4 e6 2. d4 d5 3. exd5 exd5 4. c4 Nf6 5. Nc3 Be6 6. cxd5 Nxd5 7. Nf3 Bb4
8. Bd2 O-O 9. Bd3 Nc6 10. h3 Bd6 11. Nxd5 Bxd5 12. O-O h6 13. a3 Qf6 14. Be3
Bxf3 15. Qxf3 Qxf3 16. gxf3 Rad8 17. Rac1 Be7 18. Be4 Nxd4 19. Rxc7 Ne2+ 20. Kh1
Bf6 21. Re1 Nd4 22. Rxb7 Rb8 23. Rd7 Ne6 24. b4 Ng5 25. Bxg5 hxg5 26. Rxa7 Bd4
27. Ra5 Bxf2 28. Re2 Bh4 29. Rb2 Rfd8 30. b5 Be1 31. Ra6 Rd1 32. Kg2 Bc3 33. Rc2
Bd4 34. b6 f5 35. Bd5+ Kh7 36. b7 Re8 37. Be6 g4 38. Bxf5+ Kg8 39. fxg4 Rg1+
40. Kh2 1-0

[Event "Open Ricany 2oo9"]
[Site "?"]
[Date "2009.08.26"]
[Round "6.3"]
[White "Kulhanek ,Tomas"]
[Black "Novak ,Jindrich"]
[Result "1-0"]
[WhiteElo "2444"]
[BlackElo "2036"]

1. e4 e5 2. Nf3 d6 3. d4 Bg4 4. dxe5 Nc6 5. Bb5 dxe5 6. Qxd8+ Rxd8 7. Be3 a6
8. Bxc6+ bxc6 9. Nbd2 f6 10. O-O-O Be6 11. Nb3 Nh6 12. Na5 Rxd1+ 13. Rxd1 Bd7
14. Nd2 Ng4 15. Ba7 g5 16. f3 Ne3 17. Rg1 f5 18. exf5 Bxf5 19. Re1 Nxg2
20. Rxe5+ Kd7 21. Rxf5 Bd6 22. Rxg5 Nh4 23. Rg7+ Ke6 24. Nab3 Bxh2 25. Nc5+ Kf5
26. Nce4 h5 27. Bd4 Rh6 28. Kd1 Ke6 29. Be3 Rh8 30. Bg5 Nf5 31. Rg6+ Kd7 32. Rf6
Nd4 33. Rh6 Rb8 34. Nc5+ Ke8 35. c3 Nf5 36. Re6+ Kf7 37. Rf6+ Kg7 38. Rxf5 Kg6
39. Bf4 Kxf5 40. Bxh2 Rxb2 1-0

[Event "Open Ricany 2oo9"]
[Site "?"]
[Date "2009.08.26"]
[Round "6.20"]
[White "Polak ,Benedikt"]
[Black "Sochorova ,Jana"]
[Result "1/2-1/2"]
[WhiteElo "2075"]
[BlackElo "1903"]

1. e4 g6 2. d4 Bg7 3. c4 d6 4. Nc3 Nd7 5. Be3 Ngf6 6. f3 O-O 7. Qd2 e5 8. d5
Nc5 9. Nge2 Ne8 10. b4 Nd7 11. Nc1 a5 12. bxa5 Rxa5 13. Nb3 Ra8 14. c5 dxc5
15. Nxc5 Nxc5 16. Bxc5 Nd6 17. Bd3 f5 18. O-O Rf7 19. a4 Bf8 20. Bf2 Bd7 21. a5
g5 22. exf5 Bxf5 23. Bxf5 Nxf5 24. Ne4 h6 25. Rfd1 1/2-1/2

[Event "Open Ricany 2oo9"]
[Site "?"]
[Date "2009.08.26"]
[Round "6.42"]
[White "Vlcek ,Marek"]
[Black "Krejci ,Martin"]
[Result "1/2-1/2"]
[WhiteElo "1972"]
[BlackElo "1837"]

1. c4 Nf6 2. Nf3 g6 3. b4 Bg7 4. Bb2 O-O 5. g3 c6 6. Bg2 d5 7. O-O Bf5 8. Nh4
Bg4 9. h3 Be6 10. e3 dxc4 11. Nc3 Nd5 12. Nxd5 Bxb2 13. Nf4 Bxa1 14. Nxe6 fxe6
15. Qxa1 Qxd2 16. Qe5 Qd6 17. Qg5 e5 18. Qg4 b5 19. Be4 Rf6 20. Qc8+ Rf8 21. Qb7
Nd7 22. Bxc6 Nb6 23. Bxb5 Qxb4 24. a4 Qd6 25. Qe4 Rac8 26. a5 Qd5 27. Qb1 Rc5
28. e4 Rxb5 29. exd5 Rxb1 30. Rxb1 Nxd5 31. Rb5 e6 32. Rc5 Rf7 33. Rxc4 Kg7
1/2-1/2

[Event "Open Ricany 2oo9"]
[Site "?"]
[Date "2009.08.26"]
[Round "6.15"]
[White "Matejovsky ,Ondrej"]
[Black "Skrivanek ,Jan"]
[Result "1/2-1/2"]
[WhiteElo "2085"]
[BlackElo "2136"]

1. d4 Nf6 2. Nf3 e6 3. Bf4 c5 4. e3 Nc6 5. c3 cxd4 6. exd4 Be7 7. Nbd2 d6
8. Bc4 O-O 9. O-O Re8 10. Re1 Bf8 11. Qc2 Ne7 12. Bg5 Ng6 13. Bb5 Bd7 14. Bxf6
gxf6 15. Qa4 Bxb5 16. Qxb5 a5 17. Ne4 Bg7 18. Qxb7 d5 19. Nc5 Rb8 20. Qa6 Rxb2
21. Reb1 Rxb1+ 22. Rxb1 Qa8 23. Qb6 Bf8 24. Rb5 a4 25. g3 Bxc5 26. dxc5 d4
27. Nxd4 Qe4 28. c6 Nh4 29. gxh4 Kh8 30. Qb8 Rxb8 31. Rxb8+ Kg7 32. c7 Qg4+
1/2-1/2

[Event "Open Ricany 2oo9"]
[Site "?"]
[Date "2009.08.26"]
[Round "6.38"]
[White "Feierfeil ,Jiri"]
[Black "Hajek ,Jiri"]
[Result "1/2-1/2"]
[WhiteElo "1885"]
[BlackElo "1823"]

1. d4 g6 2. c4 Bg7 3. Nc3 Nf6 4. e4 d6 5. f3 O-O 6. Be3 Nc6 7. Qd2 a6 8. Bd3 e5
9. d5 Nd4 10. Nge2 Nd7 11. O-O f5 12. exf5 gxf5 13. Bg5 Nxe2+ 14. Nxe2 Qe8
15. Bh6 Nc5 16. Bc2 a5 17. Nc3 Bd7 18. a3 a4 19. Rae1 Qh5 20. Bxg7 Kxg7 21. f4
e4 22. Qd4+ Kf7 23. Re3 Rg8 24. Kh1 Qg6 25. Qd2 Rg7 26. Rg3 Qf6 27. Rxg7+ Qxg7
28. Re1 Rg8 29. Re3 Qf6 30. Rh3 Rg7 31. Ne2 Qxb2 32. Qc3 Qxc3 33. Nxc3 Kg8
34. Re3 Rg4 35. g3 Rg7 36. Kg2 Kf7 37. Kf2 Kf6 38. Re1 Re7 39. Ke3 Be8 40. Rb1
b6 41. Rb4 Na6 42. Rb1 Nc5 43. Nb5 Bxb5 44. cxb5 Re8 45. Rb2 Kg7 46. Rb4 Ra8
47. Rb1 Rg8 48. Rb4 Ra8 49. Bd1 Kh6 50. h3 Ra5 51. g4 Kg6 52. Bc2 h5 53. gxf5+
Kxf5 54. Bd1 h4 55. Bg4+ Kf6 56. Bd1 Ra8 57. Rb1 Rg8 58. Bg4 Re8 59. Rg1 Rg8
60. Rb1 Re8 61. Be2 Rg8 62. Bg4 Re8 63. Rg1 Rg8 64. Rc1 Re8 65. Bh5 Rg8 1/2-1/2

[Event "Open Ricany 2oo9"]
[Site "?"]
[Date "2009.08.26"]
[Round "6.33"]
[White "Havelka ,Petr"]
[Black "Mejzr ,Jan"]
[Result "0-1"]
[WhiteElo "1936"]
[BlackElo "1847"]

1. d4 c5 2. e3 cxd4 3. exd4 d5 4. Nf3 Nf6 5. Bd3 Nc6 6. c3 Bg4 7. O-O e6
8. Nbd2 Bd6 9. h3 Bh5 10. Qb3 Qc7 11. Re1 Bxf3 12. Nxf3 O-O 13. Bg5 Nh5 14. Qc2
h6 15. Bd2 e5 16. dxe5 Nxe5 17. Nxe5 Bxe5 18. Rad1 Rad8 19. Be2 Nf6 20. Qa4 Ne4
21. Be3 Rd6 22. Bf3 Nf6 23. Qxa7 Nd7 24. Qa3 Ra6 25. Qb3 Bh2+ 26. Kh1 Nf6
27. Bd4 Ne4 28. Bxe4 dxe4 29. Rxe4 Rfa8 30. a3 Rg6 31. Qd5 Ra5 32. Re8+ Kh7
33. Qd8 Qxd8 34. Rxd8 Be5 35. Be3 Bf6 36. R8d5 Ra6 37. Rb5 Bd8 38. Rxb7 Bb6
39. Rxf7 Bxe3 40. fxe3 Rgb6 41. Rf2 Rb3 0-1

[Event "Open Ricany 2oo9"]
[Site "?"]
[Date "2009.08.26"]
[Round "6.21"]
[White "Petrun ,Milan"]
[Black "Skacel ,Jan"]
[Result "0-1"]
[WhiteElo "1966"]
[BlackElo "2070"]

1. e4 e5 2. Nf3 Nc6 3. Bc4 Nf6 4. d3 Be7 5. O-O d6 6. c3 O-O 7. Bb3 Na5 8. Bc2
c5 9. h3 Nc6 10. Re1 Bd7 11. Be3 d5 12. Nbd2 d4 13. Bg5 dxc3 14. bxc3 Be6
15. Nf1 b5 16. Be3 Qd7 17. Qe2 Rad8 18. Ng5 b4 19. Nxe6 fxe6 20. Ba4 bxc3
21. Rac1 Nd4 22. Bxd7 Nxe2+ 23. Rxe2 Nxd7 24. Rxc3 Rb8 25. Rec2 Rb7 26. Nd2 Rc8
27. Kf1 Kf7 28. Ke2 Kf6 29. Nb3 Rb5 30. g4 Kg6 31. Nd2 h5 32. Nc4 hxg4 33. hxg4
Rh8 34. Kf3 Rh3+ 35. Kg2 Rh4 36. Kg3 Rh1 37. Rc1 Rh8 38. Ra3 Rb7 39. f4 exf4+
40. Bxf4 Bh4+ 41. Kg2 Bf6 42. e5 Bg5 43. Rf1 Nb6 44. Nd6 Bxf4 45. Rxf4 Nd5
46. Nxb7 Nxf4+ 47. Kf1 Kg5 48. d4 cxd4 49. Nd6 Kxg4 50. Rxa7 Kf3 51. Ra3+ d3
52. Ke1 Ke3 53. Nc4+ Kd4 54. Nd2 Rh1+ 55. Kf2 Rh2+ 56. Ke1 Ng2+ 57. Kf2 Ne3+
58. Kf3 Rxd2 0-1

[Event "Open Ricany 2oo9"]
[Site "?"]
[Date "2009.08.26"]
[Round "6.24"]
[White "Dolezal ,Radoslav"]
[Black "Adamik ,Frantisek"]
[Result "1-0"]
[WhiteElo "2027"]
[BlackElo "1882"]

1. e4 c5 2. c3 d5 3. exd5 Qxd5 4. d4 e5 5. Be3 cxd4 6. cxd4 Bb4+ 7. Nc3 exd4
8. Qxd4 Bxc3+ 9. Qxc3 Qc6 10. Qxg7 Qf6 11. Bd4 1-0

[Event "Open Ricany 2oo9"]
[Site "?"]
[Date "2009.08.26"]
[Round "6.11"]
[White "Pospisil ,Evzen"]
[Black "Pavlicek ,Petr"]
[Result "1-0"]
[WhiteElo "2208"]
[BlackElo "2036"]

1. d4 Nf6 2. Nf3 g6 3. Nc3 d5 4. Bf4 Bg7 5. Qd2 Ne4 6. Nxe4 dxe4 7. Ne5 Nd7
8. Nxd7 Bxd7 9. e3 Be6 10. Be2 c6 11. O-O Qd7 12. c4 O-O 13. Rfd1 Rad8 14. Qa5
b6 15. Qb4 Bg4 16. Bxg4 Qxg4 17. Qxe7 Rd7 18. Qxe4 1-0

[Event "Open Ricany2oo9"]
[Site "?"]
[Date "2009.08.26"]
[Round "6.6"]
[White "Matejka ,Vladimir"]
[Black "Vojta ,Pavel"]
[Result "1/2-1/2"]
[WhiteElo "1993"]
[BlackElo "2173"]

1. e4 c5 2. Nf3 Nc6 3. Nc3 g6 4. d4 cxd4 5. Nxd4 Bg7 6. Be3 d6 7. Be2 Nf6
8. Nb3 O-O 9. f4 Bd7 10. g4 Qc8 11. f5 Nb4 12. Nd2 Bc6 13. O-O 1/2-1/2

[Event "Open Ricany 2oo9"]
[Site "?"]
[Date "2009.08.26"]
[Round "6.29"]
[White "Chromovsky ,Hynek"]
[Black "Framberk ,Jan"]
[Result "0-1"]
[WhiteElo "1802"]
[BlackElo "2025"]

1. c4 Nf6 2. Nc3 d5 3. cxd5 Nxd5 4. g3 e5 5. Bg2 Nb6 6. d3 Be7 7. Nf3 Nc6
8. Bd2 Be6 9. a3 a5 10. Rc1 a4 11. O-O f5 12. Nb5 Bb3 13. Qe1 O-O 14. Bb4 Nxb4
15. axb4 c6 16. Na3 e4 17. Ne5 Bf6 18. Nac4 Nxc4 19. Nxc4 exd3 20. exd3 Qxd3
21. Ne5 Qd4 22. Rc5 Rae8 0-1

[Event "Open Ricany 2oo9"]
[Site "?"]
[Date "2009.08.26"]
[Round "6.5"]
[White "Herejk ,Petr"]
[Black "Hulin ,Petr"]
[Result "1/2-1/2"]
[WhiteElo "2174"]
[BlackElo "2073"]

1. e4 c5 2. Nf3 e6 3. d4 cxd4 4. Nxd4 a6 5. Bd3 Nf6 6. O-O d6 7. Qe2 Nc6
8. Nxc6 bxc6 9. c4 e5 10. Nc3 Be7 11. h3 O-O 12. b3 g6 13. Be3 Nh5 14. Qd2 f5
15. exf5 gxf5 16. Qe2 Qe8 1/2-1/2

[Event "Open Ricany 2oo9"]
[Site "?"]
[Date "2009.08.26"]
[Round "6.9"]
[White "Haman ,Jakub"]
[Black "Blumel ,Otto"]
[Result "0-1"]
[WhiteElo "1926"]
[BlackElo "2142"]

1. e4 e5 2. Nf3 Nc6 3. Bb5 a6 4. Ba4 Nf6 5. Qe2 Be7 6. O-O b5 7. Bb3 O-O 8. Rd1
d5 9. exd5 Nxd5 10. d4 exd4 11. Nxd4 Nxd4 12. Rxd4 c6 13. Bxd5 cxd5 14. Nc3 Be6
15. Bf4 b4 16. Nxd5 Bc5 17. Rd2 Bxd5 18. Rad1 Re8 19. Qh5 Qe7 20. h3 Bc6 21. Rd3
Qe4 22. Rf3 Qe2 0-1

[Event "Open Ricany 2oo9"]
[Site "?"]
[Date "2009.08.26"]
[Round "6.25"]
[White "Koper ,Stefan"]
[Black "Zvara ,David"]
[Result "1-0"]
[WhiteElo "2024"]
[BlackElo "1830"]

1. d4 Nf6 2. c4 e5 3. d5 Bc5 4. e3 d6 5. Nc3 O-O 6. Nge2 c6 7. Ng3 Bb6 8. Be2
Ba5 9. O-O Bxc3 10. bxc3 c5 11. e4 Ne8 12. f4 Nd7 13. f5 a6 14. Be3 Qa5 15. Qd2
b5 16. cxb5 axb5 17. Rfb1 Ba6 18. Rb2 f6 19. Rab1 Nc7 20. Qe1 Rfb8 21. Bd2 Bc8
22. Nh5 Ba6 23. Qg3 Ne8 24. Nxg7 Kf8 25. Bh6 Ke7 26. Ne6 b4 27. Qg8 Nc7
28. Qxh7+ 1-0

[Event "Open Ricany 2oo9"]
[Site "?"]
[Date "2009.08.26"]
[Round "6.1"]
[White "Vojta ,Tomas"]
[Black "Vokac ,Marek"]
[Result "1/2-1/2"]
[WhiteElo "2365"]
[BlackElo "2466"]

1. e4 c5 2. Nc3 Nc6 3. f4 g6 4. Nf3 Bg7 5. Bb5 Nd4 6. Bd3 d6 7. Nxd4 cxd4
8. Ne2 e5 9. O-O exf4 10. c3 dxc3 11. dxc3 Ne7 12. Bxf4 O-O 13. Kh1 Nc6 14. Bc4
Ne5 15. Bd5 Qe7 16. Nd4 Be6 17. Nxe6 fxe6 18. Bb3 Rf7 19. Bg3 Rxf1+ 20. Qxf1 a6
21. Qe2 Re8 22. Rd1 Nf7 23. Qd3 Rd8 24. Qc4 Re8 25. Qd3 Rd8 1/2-1/2

[Event "Open Ricany 2oo9"]
[Site "?"]
[Date "2009.08.26"]
[Round "6.34"]
[White "Lacina ,Filip"]
[Black "Eisner ,Oldrich"]
[Result "1/2-1/2"]
[WhiteElo "1995"]
[BlackElo "1828"]

1. e4 c5 2. Nf3 Nc6 3. d4 cxd4 4. Nxd4 g6 5. Nc3 Bg7 6. Be3 Nf6 7. Bc4 O-O
8. Bb3 Ng4 9. Qxg4 Nxd4 10. Qd1 Nxb3 11. axb3 d6 12. Rxa7 Rxa7 13. Bxa7 Qa5
14. Bd4 Bxd4 15. Qxd4 Qg5 16. g3 Qc1+ 17. Qd1 Qxb2 18. Na4 Qe5 19. O-O b5
20. Nb6 Qxe4 21. Re1 Qb7 22. Nd5 Be6 23. Nf4 Bf5 24. Nd5 Be6 1/2-1/2

[Event "Open Ricany 2oo9"]
[Site "?"]
[Date "2009.08.26"]
[Round "6.27"]
[White "Pataridis ,Janis"]
[Black "Postupa st.,Pavel "]
[Result "0-1"]
[WhiteElo "1919"]
[BlackElo "2081"]

1. c4 e5 2. g3 Nc6 3. Bg2 d6 4. Nc3 Be6 5. d3 Qd7 6. Nf3 Bh3 7. O-O Bxg2
8. Kxg2 Nf6 9. Nd5 Nxd5 10. cxd5 Ne7 11. Qb3 c6 12. e4 g6 13. dxc6 Nxc6 14. Be3
Bg7 15. Rad1 O-O 16. d4 Qg4 17. Qd5 Qe6 18. dxe5 Qxd5 19. Rxd5 dxe5 20. Rd7 b6
21. Rc1 Rfd8 22. Rc7 Nd4 23. Bxd4 exd4 24. e5 Rd5 25. Rd1 d3 26. Rc3 Rad8
27. Kf1 a5 28. Rc6 b5 29. b3 Bf8 30. e6 fxe6 31. Rxe6 Bb4 32. Re5 a4 33. Re4 Bc3
34. bxa4 b4 35. Ne1 d2 36. Nc2 Ra5 37. f3 Rxa4 38. Ke2 Kf7 39. h4 Rb8 40. Rb1
Rxa2 41. Nxb4 Ra4 42. Rb3 Ra1 43. Rxc3 d1=Q+ 44. Ke3 Qe1+ 45. Kd4 Rxb4+ 0-1

[Event "Open Ricany 2oo9"]
[Site "?"]
[Date "2009.08.26"]
[Round "6.17"]
[White "Svitak ,David"]
[Black "Krasnay ,Petr"]
[Result "1-0"]
[WhiteElo "1865"]
[BlackElo "2088"]

1. e4 c5 2. Nf3 Nc6 3. d4 cxd4 4. Nxd4 Nf6 5. Nc3 e5 6. Ndb5 d6 7. Nd5 Nxd5
8. exd5 Ne7 9. c4 Ng6 10. Be3 a6 11. Nc3 Be7 12. Bd3 O-O 13. O-O f5 14. f3 Bg5
15. Bxg5 Qxg5 16. Rf2 Nf4 17. Kh1 Bd7 18. Qd2 Qh5 19. Ne2 Ng6 20. Ng3 Qh4
21. Qb4 e4 22. Qxd6 Nf4 23. Bc2 Rf6 24. Qxd7 Rh6 25. Qxg7+ Kxg7 26. Nxf5+ Kg8
27. Nxh4 Rxh4 28. Bxe4 1-0